[Event "Stavropol Cup"]
[Site "Stavropol"]
[Date "2019.05.11"]
[Round "2"]
[White "Abrekov, Mussa"]
[Black "Tekeyev, Zaur"]
[Result "0-1"]
[WhiteElo "2151"]
[BlackElo "2386"]
[PlyCount "63"]
[EventDate "2019.05.11"]
[EventType "swiss (rapid)"]
[EventRounds "9"]
[EventCountry "RUS"]
[SourceTitle "CBM 190 Extra"]
[Source "ChessBase"]
[SourceDate "2019.07.15"]
[SourceVersion "1"]
[SourceVersionDate "2019.07.15"]
[SourceQuality "1"]

1. d4 Nf6 2. c4 e6 3. Nc3 Bb4 4. e3 0-0 5. Nge2 d5 6. a3 Be7 7. Ng3 Nbd7 8. cxd5 exd5 9. Nf5 Nb6 10. Nxe7+ Qxe7 11. Be2 Bf5 12. 0-0 a5 13. a4 Rfe8 14. b3 c6 15. Ba3 Qe6 16. Qd2 Ne4 17. Nxe4 dxe4 18. Qc2 Nd5 19. Bc4 Rad8 20. Rfc1 Bg4 21. Qd2 Qf5 22. Bxd5 Rxd5 23. Rc5 Re6 24. Qxa5 h5 25. Rxd5 cxd5 26. Qc7 Rf6 27. Ra2 Bf3 28. Kf1 Bxg2+ 29. Ke1 Bh3 30. Bd6 Qf3 31. Bg3 Bg4 32. Qc1 0-1

[Event "Sochi Amateur op 6th"]
[Site "Sochi"]
[Date "2019.04.07"]
[Round "1"]
[White "Abrekov, Mussa"]
[Black "Dzapshba, Ruslan"]
[Result "1-0"]
[WhiteElo "2180"]
[BlackElo "1730"]
[PlyCount "95"]
[EventDate "2019.04.07"]
[EventType "swiss"]
[EventRounds "9"]
[EventCountry "RUS"]
[SourceTitle "CBM 189 Extra"]
[Source "ChessBase"]
[SourceDate "2019.05.31"]
[SourceVersion "1"]
[SourceVersionDate "2019.05.31"]
[SourceQuality "1"]

1. d4 Nf6 2. c4 c5 3. d5 e6 4. Nc3 exd5 5. cxd5 d6 6. e4 g6 7. Bd3 Bg7 8. h3 0-0 9. Nf3 a6 10. a4 Nbd7 11. Bf4 Qc7 12. 0-0 Re8 13. Rc1 Rb8 14. b4 c4 15. Bb1 b5 16. axb5 axb5 17. Nd4 Ba6 18. Re1 Ne5 19. Re2 Nfd7 20. Be3 Nb6 21. Ncxb5 Bxb5 22. Nxb5 Qd7 23. Nd4 Qa4 24. Bc2 Qxb4 25. Rb1 Qa3 26. Nb5 Qa5 27. Nxd6 Red8 28. Bxb6 Rxb6 29. Nb7 Rxb7 30. Rxb7 c3 31. Qb1 Nc4 32. Rb8 Be5 33. Rxd8+ Qxd8 34. g3 Qf6 35. Qb4 Qa6 36. Bd3 Qa1+ 37. Qb1 Qa6 38. Qa2 Qxa2 39. Rxa2 Nb2 40. Bc2 Kg7 41. f4 Bd4+ 42. Kf1 Nc4 43. Ke2 Nd2 44. d6 Kf6 45. Ra6 Ke6 46. e5 f6 47. Bb3+ Kd7 48. e6+ 1-0

[Event "Sochi ChessAmateur op"]
[Site "Sochi"]
[Date "2018.04.01"]
[Round "1"]
[White "Abrekov, Mussa"]
[Black "Shapiyanov, Adam"]
[Result "1-0"]
[WhiteElo "2225"]
[BlackElo "1791"]
[PlyCount "83"]
[EventDate "2018.04.01"]
[EventType "swiss"]
[EventRounds "9"]
[EventCountry "RUS"]
[SourceTitle "CBM 184 Extra"]
[Source "ChessBase"]
[SourceDate "2018.06.28"]
[SourceVersion "1"]
[SourceVersionDate "2018.06.28"]
[SourceQuality "1"]

1. d4 Nf6 2. c4 g6 3. Nc3 d5 4. cxd5 Nxd5 5. e4 Nxc3 6. bxc3 c5 7. Be3 Bg7 8. Qd2 Qa5 9. Rc1 0-0 10. Nf3 Bg4 11. Be2 Nc6 12. d5 Rfd8 13. 0-0 e6 14. Qb2 exd5 15. exd5 Ne5 16. Nxe5 Bxe2 17. Qxe2 Bxe5 18. c4 Re8 19. Qc2 Qc7 20. h3 Rad8 21. Rb1 Rd6 22. Qa4 Ra8 23. Rfe1 Bc3 24. Rec1 Be5 25. Qb5 b6 26. a4 a6 27. Qb3 Re8 28. Qa3 Rc8 29. Rb3 f5 30. a5 f4 31. axb6 Rxb6 32. Bd2 Rxb3 33. Qxb3 Rf8 34. Qa3 Ra8 35. Qa4 f3 36. gxf3 Rf8 37. Qa5 Qc8 38. Re1 Bd4 39. Kg2 Qf5 40. Qa3 Qc2 41. Qc1 Qd3 42. Be3 1-0

[Event "RUS-chT2"]
[Site "Sochi"]
[Date "2017.05.07"]
[Round "6.7"]
[White "Bezdenezhnyh, Pavel"]
[Black "Abrekov, Mussa"]
[Result "0-1"]
[WhiteElo "2188"]
[BlackElo "2219"]
[PlyCount "54"]
[EventDate "2017.05.01"]
[EventType "team-swiss"]
[EventRounds "9"]
[EventCountry "RUS"]
[SourceTitle "CBM 178 Extra"]
[Source "ChessBase"]
[SourceDate "2017.06.22"]
[SourceVersion "1"]
[SourceVersionDate "2017.06.22"]
[SourceQuality "1"]
[WhiteTeam "Nizhny Tagil Politekhnik"]
[BlackTeam "Vladikavkaz Highlanders"]
[WhiteTeamCountry "RUS"]
[BlackTeamCountry "RUS"]

1. e4 c5 2. Nf3 d6 3. d4 cxd4 4. Nxd4 Nf6 5. Nc3 a6 6. Be3 e6 7. f3 Nbd7 8. Qd2 b5 9. g4 h6 10. 0-0-0 Bb7 11. h4 b4 12. Na4 Qa5 13. b3 Nc5 14. a3 Nxa4 15. axb4 Qc7 16. bxa4 d5 17. e5 Nd7 18. f4 Nb6 19. f5 Nxa4 20. fxe6 Nc3 21. exf7+ Kxf7 22. Qf2+ Kg8 23. Qf5 Re8 24. Ne6 Qc6 25. Nd4 Qa4 26. e6 Qa3+ 27. Kd2 Ne4+ 0-1

[Event "RUS-chT2"]
[Site "Sochi"]
[Date "2017.05.04"]
[Round "4.6"]
[White "Abrekov, Mussa"]
[Black "Kuzmin, Artem"]
[Result "1-0"]
[WhiteElo "2219"]
[BlackElo "2040"]
[PlyCount "71"]
[EventDate "2017.05.01"]
[EventType "team-swiss"]
[EventRounds "9"]
[EventCountry "RUS"]
[SourceTitle "CBM 178 Extra"]
[Source "ChessBase"]
[SourceDate "2017.06.22"]
[SourceVersion "1"]
[SourceVersionDate "2017.06.22"]
[SourceQuality "1"]
[WhiteTeam "Vladikavkaz Highlanders"]
[BlackTeam "Novosibirsk NSTU"]
[WhiteTeamCountry "RUS"]
[BlackTeamCountry "ZAR"]

1. d4 Nf6 2. c4 c5 3. d5 e6 4. Nc3 exd5 5. cxd5 d6 6. e4 g6 7. Bd3 Bg7 8. h3 0-0 9. Nf3 Re8 10. 0-0 a6 11. a4 Qc7 12. Bf4 Nbd7 13. Re1 Rb8 14. Rc1 Nh5 15. Bh2 Bh6 16. Rc2 c4 17. Ne2 b5 18. axb5 axb5 19. b3 Nc5 20. bxc4 b4 21. Nfd4 Bd7 22. Nb5 Bxb5 23. cxb5 Bg7 24. Qb1 Qb6 25. Rc4 Ra8 26. Bxd6 Nxd3 27. Qxd3 Qxd6 28. Rc6 Qe5 29. b6 Qxe4 30. Qxe4 Rxe4 31. d6 b3 32. b7 Rb8 33. d7 Nf4 34. Rc8+ Bf8 35. Rxb8 Nxe2+ 36. Rxe2 1-0

[Event "Sochi Tseshkovsky Memorial op"]
[Site "Sochi"]
[Date "2014.09.25"]
[Round "9"]
[White "Tsvetkov, Vladimir"]
[Black "Abrekov, Mussa"]
[Result "0-1"]
[WhiteElo "1862"]
[BlackElo "2237"]
[PlyCount "78"]
[EventDate "2014.09.17"]
[EventType "swiss"]
[EventRounds "9"]
[EventCountry "RUS"]
[SourceTitle "CBM 162 Extra"]
[Source "ChessBase"]
[SourceDate "2014.10.17"]
[SourceVersion "1"]
[SourceVersionDate "2014.10.17"]
[SourceQuality "1"]

1. c4 e5 2. Nc3 Nf6 3. e4 Bc5 4. d3 Nc6 5. Bg5 h6 6. Bh4 Nxe4 7. Nf3 Qxh4 8. Nxe4 Bb4+ 9. Ned2 Qe7 10. a3 Bc5 11. Be2 a5 12. 0-0 d6 13. Re1 0-0 14. h3 f5 15. Bf1 Qf6 16. Rb1 a4 17. Qe2 Bd7 18. Kh2 g5 19. g3 h5 20. Bg2 g4 21. Nh4 Nd4 22. Qd1 Bc6 23. Rf1 Bxg2 24. Kxg2 Qg5 25. hxg4 hxg4 26. Rh1 Rae8 27. Rh2 e4 28. Nf1 Nf3 29. Nxf3 exf3+ 30. Kh1 Bd4 31. Qxa4 Re2 32. Qd7 Re7 33. Qb5 c6 34. Qb4 Rf6 35. Kg1 Rh6 36. Qd2 Qxd2 37. Nxd2 Rxh2 38. Kxh2 Bxf2 39. Nf1 Rh7# 0-1

[Event "Sochi Tseshkovsky Memorial op"]
[Site "Sochi"]
[Date "2014.09.21"]
[Round "5"]
[White "Abrekov, Mussa"]
[Black "Protopopova, Anastasiya"]
[Result "1-0"]
[WhiteElo "2237"]
[BlackElo "2049"]
[PlyCount "83"]
[EventDate "2014.09.17"]
[EventType "swiss"]
[EventRounds "9"]
[EventCountry "RUS"]
[SourceTitle "CBM 162 Extra"]
[Source "ChessBase"]
[SourceDate "2014.10.17"]
[SourceVersion "1"]
[SourceVersionDate "2014.10.17"]
[SourceQuality "1"]

1. d4 Nf6 2. Nf3 e6 3. c4 b6 4. a3 c5 5. d5 exd5 6. cxd5 g6 7. Nc3 Bg7 8. e4 0-0 9. Be2 Re8 10. Nd2 d6 11. 0-0 Na6 12. Bb5 Re7 13. f4 Nc7 14. Bc6 Rb8 15. Qf3 b5 16. e5 dxe5 17. Nde4 Nce8 18. fxe5 Nxe4 19. Bxe8 Qxe8 20. Nxe4 Bxe5 21. Nf6+ Bxf6 22. Qxf6 Rb6 23. Qc3 Re5 24. Bh6 b4 25. axb4 cxb4 26. Qd4 f6 27. Rxa7 Rd6 28. Qxb4 Rexd5 29. Rg7+ Kh8 30. Rc7 Bd7 31. Rcc1 Re6 32. Rce1 Rxe1 33. Rxe1 Re5 34. Rxe5 fxe5 35. Qd6 Kg8 36. Qf6 Qf7 37. Qxe5 Bc6 38. h3 Qa7+ 39. Kh2 Qf7 40. b4 Qd7 41. Qf6 Qc7+ 42. g3 1-0

[Event "Sochi Tseshkovsky Memorial op"]
[Site "Sochi"]
[Date "2014.09.18"]
[Round "2"]
[White "Abrekov, Mussa"]
[Black "Bryzgalin, Kirill"]
[Result "0-1"]
[WhiteElo "2237"]
[BlackElo "2448"]
[PlyCount "60"]
[EventDate "2014.09.17"]
[EventType "swiss"]
[EventRounds "9"]
[EventCountry "RUS"]
[SourceTitle "CBM 162 Extra"]
[Source "ChessBase"]
[SourceDate "2014.10.17"]
[SourceVersion "1"]
[SourceVersionDate "2014.10.17"]
[SourceQuality "1"]

1. d4 Nf6 2. c4 e5 3. dxe5 Ng4 4. Nf3 Bc5 5. e3 Nc6 6. Be2 0-0 7. 0-0 Ngxe5 8. Nc3 Re8 9. a3 a5 10. Nd4 d6 11. Nd5 Ne7 12. b3 c6 13. Nc3 Bb6 14. Ra2 f5 15. Rd2 N7g6 16. g3 Qe7 17. Bb2 Rf8 18. b4 axb4 19. axb4 Bc7 20. Re1 Qf7 21. Qb3 f4 22. Nd1 fxe3 23. fxe3 Bh3 24. e4 Bb6 25. Qc3 Kh8 26. Kh1 c5 27. Nb5 cxb4 28. Qc2 Bc5 29. Nxd6 Bxd6 30. Rxd6 Nf3 0-1

[Event "RUS Cup op"]
[Site "Dombai"]
[Date "2013.10.26"]
[Round "9"]
[White "Shandrygin, Nikita"]
[Black "Abrekov, Mussa"]
[Result "0-1"]
[WhiteElo "1942"]
[BlackElo "2237"]
[PlyCount "99"]
[EventDate "2013.10.18"]
[EventType "swiss"]
[EventRounds "9"]
[EventCountry "RUS"]
[SourceTitle "EXT 2015"]
[Source "ChessBase"]
[SourceDate "2014.11.20"]
[SourceVersion "1"]
[SourceVersionDate "2014.11.20"]
[SourceQuality "1"]

1. e4 c5 2. Nf3 e6 3. d4 cxd4 4. Nxd4 Nf6 5. Nc3 d6 6. g4 h6 7. h3 Nc6 8. Bg2 Bd7 9. f4 Nxd4 10. Qxd4 Bc6 11. Be3 Qc7 12. 0-0 Be7 13. f5 e5 14. Qd3 a6 15. a4 0-0 16. Rfc1 Rfd8 17. Nd5 Bxd5 18. exd5 b5 19. axb5 axb5 20. Rxa8 Rxa8 21. Qxb5 Rb8 22. Qc6 Qa5 23. b3 e4 24. Rd1 Rb5 25. Bxe4 Nxe4 26. Qe8+ Kh7 27. Qxe7 Rxd5 28. Rf1 Nf6 29. Bf4 Qc5+ 30. Qe3 Qxc2 31. Rc1 Rd1+ 32. Rxd1 Qxd1+ 33. Kf2 d5 34. b4 d4 35. Qe2 Qb1 36. Bd2 Qh1 37. Qd3 Ne4+ 38. Ke2 Qg2+ 39. Ke1 Qg1+ 40. Ke2 Qg2+ 41. Ke1 Qh1+ 42. Ke2 Qh2+ 43. Ke1 Qe5 44. Kf1 h5 45. Kg2 h4 46. Be1 Qd5 47. Kg1 Ng5 48. Bf2 f6 49. b5 Nf3+ 50. Kf1 0-1

[Event "Nalchik SKFO-ch"]
[Site "Nalchik"]
[Date "2013.03.18"]
[Round "5"]
[White "Kruchev, Boris"]
[Black "Abrekov, Mussa"]
[Result "1/2-1/2"]
[WhiteElo "2265"]
[BlackElo "2187"]
[PlyCount "93"]
[EventDate "2013.03.13"]
[EventType "swiss"]
[EventRounds "9"]
[EventCountry "RUS"]
[SourceTitle "CBM 153 Extra"]
[Source "ChessBase"]
[SourceDate "2013.04.22"]
[SourceVersion "1"]
[SourceVersionDate "2013.04.22"]
[SourceQuality "1"]

1. e4 c5 2. Nf3 e6 3. c4 Nc6 4. Nc3 Nf6 5. Be2 Be7 6. 0-0 d5 7. exd5 exd5 8. d4 cxd4 9. Nxd4 0-0 10. Be3 Nxd4 11. Qxd4 dxc4 12. Qxc4 Be6 13. Qb5 Qc7 14. Rac1 a6 15. Qa4 Qe5 16. Bf3 b5 17. Qf4 Qxf4 18. Bxf4 Rad8 19. a3 b4 20. axb4 Rd4 21. Be5 Rxb4 22. Rfe1 Nd7 23. Nd5 Bxd5 24. Bc3 Be6 25. Bxb4 Bxb4 26. Red1 a5 27. Bd5 Bf5 28. Rc7 Nc5 29. h3 h5 30. Bf3 g6 31. Rd5 Ne6 32. Rc1 Rd8 33. Rc4 Rxd5 34. Bxd5 Nc5 35. g4 hxg4 36. hxg4 Be6 37. Bxe6 Nxe6 38. Kf1 Kg7 39. Ke2 f5 40. gxf5 gxf5 41. Rc8 Kf6 42. Kd3 Ke5 43. Re8 Kd5 44. Ra8 Nc5+ 45. Ke3 Na4 46. b3 Nc5 47. Kf4 1/2-1/2